Statistiques concernant Football | Parcours de joueurs de Ligue 1 #1

Cliquez ici pour prendre le quiz!

Statistiques générales

  • Ce quiz a été pris 29 fois
  • Le résultat moyen est 3 sur 10

Statistiques - réponses

Réponse% Correct
Johan Elmander
81%
Ilan
62%
Franck Beria
35%
Zinedine Machach
35%
Achille Emana
27%
David Hellebuyck
12%
David Gigliotti
8%
Guirane N'Daw
8%
Herita Ilunga
8%
Laurent Courtois
8%

Distribution des résultats

Percentile par nombre de réponses

% des personnes avec chaque résultat

Votre développement - résultats

Vous n’avez pas pris ce quiz